000 01582cam a2200373 a 4500
001 15104611
005 20090828093149.0
008 071206s2008 flua |rb 001 0 eng
010 _a 2007049892
015 _aGBA799728
_2bnb
016 7 _a014464347
_2Uk
020 _a9781420053654 (hardback : alk. paper)
020 _a1420053655 (hardback : alk. paper)
035 _a(OCoLC)ocn183148734
035 _a(OCoLC)183148734
_z(OCoLC)144220357
040 _aDLC
_cDLC
_dBTCTA
_dBAKER
_dYDXCP
_dUKM
_dC#P
_dDLC
050 0 0 _aTA1815
_b.F527 2008
082 0 0 _a681.25
_222
_bFIB
245 0 0 _aFiber Optic Sensors /
_cEdited by Shizhuo Yin, Paul B. Ruffin, Francis T.S. Yu.
250 _a2nd ed.
260 _aBoca Raton, FL :
_bCRC Press, 2008
_cc2008.
300 _axiii, 477 p. :
_bill. ;
_c25 cm.
490 1 _aOptical Science and Engineering ;
_v132
504 _aIncludes bibliographical references and index.
650 0 _aOptical fiber detectors.
_913260
700 1 _aYin, Shizhuo,
_d1963-
_913261
700 1 _aRuffin, Paul B.
_913262
700 1 _aYu, Francis T. S.,
_d1932-
_913263
830 0 _aOptical science and engineering (Boca Raton, Fla.) ;
_v132.
_913264
856 4 1 _3Table of contents only
_uhttp://www.loc.gov/catdir/toc/ecip086/2007049892.html
942 _2ddc
_cBB
999 _c13815
_d13815